Normal view
MARC view
- سعد، طه عبد الرؤوف ، علي،سعد حسن محمد
Entry Personal Name
001 - CONTROL NUMBER
- control field: 39215
003 - CONTROL NUMBER IDENTIFIER
- control field: JO-AjAnu
005 - DATE AND TIME OF LATEST TRANSACTION
- control field: 20230606080526.0
008 - FIXED-LENGTH DATA ELEMENTS
- fixed length control field: 230606|| aca||aabn | a|a d
040 ## - CATALOGING SOURCE
- Original cataloging agency: JO-AjAnu
- Transcribing agency: JO-AjAnu
100 ## - HEADING--PERSONAL NAME
- Personal name: سعد، طه عبد الرؤوف ، علي،سعد حسن محمد
670 ## - SOURCE DATA FOUND
- Source citation: Work cat.: (JO-AjAnu)20111: سعد، طه عبد الرؤوف ، علي،سعد حسن محمد, author, 300قصة وقصة من قصص الصالحين والصالحات لتهذيب النفوس وترقيق القلوب